00687nam a2200205 i 450000100060000000300090000600500170001500700030003200800410003502000180007610000310009424500900012525000160021526000440023130000220027550000120029785200330030999900170034295201220035977283ES-MaACL20230906173139.0t|041007s1986 gw ||||1| ger d a3-518-57722-01 aHabermas, Jürgen.96137614aDer philosophische Diskurs der Moderne b: Zwölf Vorlesungen / cJürgen Habermas. a[3. Aufl.]. aFrankfurt am Main : bSuhrkamp, c1986. a449 p. ; c20 cm. aIndice. aES-MaACLjL-11270 bR.112809 c77283d77283 00104070aATENEOMbATENEOMcDEPO2d2008-01-17eSCl0oL-11270p1080860r2023-02-23 00:00:00w2023-02-23yMONOGRAFIA